Countries of Oceania by Population - Statistics

General Stats
  • This quiz has been taken 72 times
  • The average score is 14 of 14
Answer Stats
Population Answer % Correct
26 Million A Australia
100%
838 Thousand S Solomon Islands
100%
335 Thousand V Vanuatu
100%
933 Thousand F Fiji
98%
136 Thousand K Kiribati
98%
5 Million N New Zealand
98%
10 Million P Papua New Guinea
98%
219 Thousand S Samoa
98%
36 Thousand M Marshall Islands
97%
12 Thousand N Nauru
97%
17 Thousand P Palau
97%
103 Thousand T Tonga
97%
113 Thousand M Micronesia
95%
9 Thousand T Tuvalu
95%
No matching quizzes found
Score Distribution
Percent of People with Each Score
Percentile by Number Answered
Your Score History
You have not taken this quiz